مر د آ ہن :سيد نز ر حسين (Record no. 95382)

MARC details
000 -LEADER
fixed length control field 00719nam a22002297a 4500
005 - DATE AND TIME OF LATEST TRANSACTION
control field 20150731111805.0
008 - FIXED-LENGTH DATA ELEMENTS--GENERAL INFORMATION
fixed length control field 140714b xxu||||| |||| 00| 0 Urdu d
010 ## - LCCN (DPL NO)
LC control number UR-9273
020 q# - INTERNATIONAL STANDARD BOOK NUMBER
Terms of availability 500.00
035 ## - SYSTEM CONTROL NUMBER
System control number U-7828
037 ## - SOURCE OF ACQUISITION
Source of stock number/acquisition DBAD/Pub.
040 ## - CATALOGING SOURCE
Original cataloging agency DPL
Language of cataloging Urdu
082 ## - DEWEY DECIMAL CLASSIFICATION NUMBER
Classification number 920
100 ## - MAIN ENTRY--PERSONAL NAME
Personal name سيد مظفر حسين
245 ## - TITLE STATEMENT
Title مر د آ ہن :سيد نز ر حسين
Statement of responsibility, etc سيد مظفر حسين
246 ## - VARYING FORM OF TITLE
Title proper/short title Mard-e-Ahan: syed Nazar Husain
Remainder of title By Syed Muzafer Husain
260 ## - PUBLICATION, DISTRIBUTION, ETC. (IMPRINT)
Place of publication, distribution, etc Distt. Thane
Date of publication, distribution, etc 2010
Name of publisher, distributor, etc Adshot Publications
270 ## - ADDRESS
Address Meera Road,(East)
City Disstt. Thane
Postal code 401107
Telephone number 09987025932
300 ## - PHYSICAL DESCRIPTION
Extent 304ص
Dimensions 22Cm (Hb)
490 ## - SERIES STATEMENT
Volume number/sequential designation Vol.2
942 ## - ADDED ENTRY ELEMENTS (KOHA)
Source of classification or shelving scheme Dewey Decimal Classification
Item type Urdu Bks
Edition
Classification part 920
Call number suffix س ي د
Holdings
Withdrawn status Lost status Source of classification or shelving scheme Damaged status Not for loan Collection code Home library Current library Date acquired Source of acquisition Cost, normal purchase price Total Checkouts Full call number Barcode Date last seen Copy number Cost, replacement price Koha item type
    Dewey Decimal Classification   Not For Loan Non-fiction D.B.Act.Division D.B.Act.Division 31/07/2015 DBAD/Pub. 500.00   920 س ي د U-7828 31/07/2015 1 500.00 Urdu Bks

© Delhi Public Library
Hit Counter
free hit counter